El Egipto antiguo

Đã lưu trong:
Chi tiết về thư mục
Tác giả chính: White, J. E. Manchip (Tác giả)
Định dạng: Sách
Ngôn ngữ:Tiếng Tây Ban Nha
Được phát hành: Madrid Alhambra 1955
Phiên bản:1a. ed
Loạt:Colección Enciclopédica Alhambra, 9
Những chủ đề:
Các nhãn: Thêm thẻ
Không có thẻ, Là người đầu tiên thẻ bản ghi này!

MARC

LEADER 00000nam a2200000 a 4500
001 UCK3183
003 CL-VaPUC
008 050415e19550000SP |||||||||||||||||spa|d
082 0 4 |a 932.01  |b WHI  |2 21 
100 0 |a White, J. E. Manchip  |e author  |9 491184 
245 1 3 |a El Egipto antiguo 
250 |a 1a. ed 
300 |a 230 p 
942 |c BK 
945 |d 20050415 00:00:00  |a cmena 
260 |a Madrid  |b Alhambra  |c 1955 
650 7 |a HISTORIA DE EGIPTO  |2 CL-VaPUC  |9 445426 
650 0 |a Civilizaciones antiguas  |9 265998 
650 0 |a Costumbres y tradiciones   |9 268292 
651 0 |a Egipto   |9 268199 
583 |a last modification  |c 20050415 00:00:00  |k Rodrigo Vera 
490 0 |a Colección Enciclopédica Alhambra, 9 
999 |c 312447  |d 312445 
952 |0 0  |1 0  |4 0  |6 932_010000000000000_WHI_1955  |7 0  |8 A  |9 382830  |a BIBHIS  |b BIBHIS  |d 2019-11-21  |i 1394126  |o 932.01 WHI 1955  |p 1394126  |r 2025-01-20  |w 2019-11-21  |y BK  |k HIS